[Event "NED-chT Cup"]
[Site "Oosterhout"]
[Date "2025.05.29"]
[Round "1.1"]
[White "Pijpers, Arthur"]
[Black "Van Rootselaar, Rik"]
[Result "1-0"]
[WhiteElo "2488"]
[BlackElo "2234"]
[PlyCount "81"]
[EventDate "2025.05.29"]
[EventType "team-k.o."]
[EventRounds "2"]
[EventCountry "NED"]
[SourceTitle "CB23_2025"]
[SourceDate "2025.06.04"]
[SourceVersion "1"]
[SourceVersionDate "2025.06.04"]
[SourceQuality "1"]
[WhiteTeam "Leiden IntelliMagic"]
[BlackTeam "Haarlem"]
[WhiteTeamCountry "NED"]
[BlackTeamCountry "NED"]

1. e4 c5 2. Nc3 Nc6 3. Nf3 e5 4. Bc4 Be7 5. d3 d6 6. a4 Nf6 7. Bg5 0-0 8. Bxf6 Bxf6 9. Nd5 Be6 10. c3 g6 11. h4 Bg7 12. h5 Ne7 13. Qb3 Bxd5 14. Bxd5 Qb6 15. Qxb6 axb6 16. Ke2 Nxd5 17. exd5 Ra6 18. Ra3 Rfa8 19. Rb3 Bf6 20. Nd2 Bd8 21. Nc4 Bc7 22. a5 bxa5 23. Rxb7 R6a7 24. Rxa7 Rxa7 25. hxg6 hxg6 26. Ra1 Rb7 27. Kd2 Kf8 28. Kc2 Rb5 29. Ra3 Ke7 30. Rb3 Rxb3 31. Kxb3 Kd7 32. Ka4 f5 33. Nxa5 Bd8 34. Nc4 Bh4 35. f3 Bf2 36. Kb5 Be1 37. Kb6 Bh4 38. Kb7 Bd8 39. b4 cxb4 40. cxb4 g5 41. g4 1-0

[Event "Groningen op 60th"]
[Site "Groningen"]
[Date "2024.12.26"]
[Round "5"]
[White "Ponnio, Toni"]
[Black "Van Rootselaar, Rik"]
[Result "0-1"]
[WhiteElo "2111"]
[BlackElo "2265"]
[PlyCount "116"]
[EventDate "2024.12.21"]
[EventType "swiss"]
[EventRounds "9"]
[EventCountry "NED"]
[SourceTitle "CB02_2025"]
[SourceDate "2025.01.08"]
[SourceVersion "1"]
[SourceVersionDate "2025.01.08"]
[SourceQuality "1"]

1. Nf3 Nf6 2. g3 g6 3. Bg2 Bg7 4. 0-0 0-0 5. d4 d5 6. c4 dxc4 7. Na3 c3 8. bxc3 c5 9. Re1 Nc6 10. Bb2 Qb6 11. Nc4 Qb5 12. Qb3 Qa6 13. Nce5 Be6 14. Qa3 Qxa3 15. Bxa3 Ne4 16. Nxc6 bxc6 17. Ne5 Bxe5 18. Bxe4 cxd4 19. Bxc6 Rac8 20. cxd4 Bxd4 21. Rac1 Rc7 22. Red1 Bf6 23. Bd5 Rxc1 24. Bxc1 Rd8 25. e4 Bxd5 26. Rxd5 Rxd5 27. exd5 Bd4 28. Ba3 Kf8 29. Kf1 Ke8 30. Ke2 Kd7 31. f3 Be5 32. Kd3 h5 33. Ke4 Bc7 34. Bc5 a6 35. f4 e6 36. Kd4 f6 37. dxe6+ Kxe6 38. Ke4 Bb8 39. Be3 Bc7 40. Bc5 Ba5 41. Be3 Be1 42. Bg1 Bc3 43. Be3 Bb2 44. Bd4 Bxd4 45. Kxd4 Kf5 46. Kd5 g5 47. fxg5 fxg5 48. h3 h4 49. gxh4 gxh4 50. Kd4 Kf4 51. Kd3 a5 52. Kd4 a4 53. a3 Kg3 54. Ke3 Kxh3 55. Kf3 Kh2 56. Kf2 h3 57. Kf1 Kg3 58. Kg1 Kf3 0-1

[Event "Groningen op 60th"]
[Site "Groningen"]
[Date "2024.12.23"]
[Round "3"]
[White "De Boer, Bas"]
[Black "Van Rootselaar, Rik"]
[Result "1/2-1/2"]
[WhiteElo "2157"]
[BlackElo "2265"]
[PlyCount "96"]
[EventDate "2024.12.21"]
[EventType "swiss"]
[EventRounds "9"]
[EventCountry "NED"]
[SourceTitle "CB02_2025"]
[SourceDate "2025.01.08"]
[SourceVersion "1"]
[SourceVersionDate "2025.01.08"]
[SourceQuality "1"]

1. Nf3 Nf6 2. c4 c5 3. Nc3 Nc6 4. e3 e6 5. d4 d5 6. a3 cxd4 7. exd4 Be7 8. c5 Ne4 9. Qc2 f5 10. Bb5 0-0 11. 0-0 Bf6 12. Ne2 Bd7 13. Bxc6 Bxc6 14. Nf4 Qe8 15. Re1 g5 16. Nd3 Bb5 17. Nde5 Qh5 18. a4 Be8 19. Nd3 f4 20. Nfe5 Bxe5 21. Nxe5 g4 22. Ra3 f3 23. Rxe4 dxe4 24. Qxe4 Bc6 25. Qxg4+ Qxg4 26. Nxg4 Rad8 27. Be3 fxg2 28. Ne5 Be4 29. f3 Rxf3 30. Nxf3 Bxf3 31. Bf4 Be4 32. Be5 Kf7 33. b4 Rg8 34. Re3 Bd5 35. b5 Rg5 36. Rc3 Rf5 37. Rc1 Ke7 38. a5 Kd7 39. a6 bxa6 40. c6+ Kc8 41. bxa6 Rf1+ 42. Rxf1 gxf1Q+ 43. Kxf1 Bxc6 44. Ke1 Bb5 45. Kd2 Bxa6 46. Kc3 Kb7 47. Kb4 Be2 48. Ka5 a6 1/2-1/2

[Event "Groningen op 60th"]
[Site "Groningen"]
[Date "2024.12.21"]
[Round "1"]
[White "Groenewoud, Joel"]
[Black "Van Rootselaar, Rik"]
[Result "1-0"]
[WhiteElo "2058"]
[BlackElo "2265"]
[PlyCount "59"]
[EventDate "2024.12.21"]
[EventType "swiss"]
[EventRounds "9"]
[EventCountry "NED"]
[SourceTitle "CB02_2025"]
[SourceDate "2025.01.08"]
[SourceVersion "1"]
[SourceVersionDate "2025.01.08"]
[SourceQuality "1"]

1. e4 e6 2. d4 d5 3. e5 c5 4. c3 Nc6 5. Nf3 Bd7 6. Be2 Nge7 7. 0-0 Ng6 8. Na3 f6 9. Bd3 cxd4 10. cxd4 Rc8 11. Re1 Nb4 12. Bb1 Be7 13. exf6 gxf6 14. Bh6 Kf7 15. h4 Bf8 16. Bd2 Qb6 17. h5 Ne7 18. Qb3 Nec6 19. Qe3 Bd6 20. Qh6 Bf8 21. Qf4 Qc7 22. Ng5+ Ke7 23. Qf3 Re8 24. Bf5 Nxd4 25. Qg4 Nbc6 26. Bxe6 Nxe6 27. Rxe6+ Bxe6 28. Qxe6+ Kd8 29. Nf7+ Qxf7 30. Qxf7 1-0

[Event "Vlissingen HZ op 26th"]
[Site "Vlissingen"]
[Date "2024.08.03"]
[Round "1"]
[White "Van Rootselaar, Rik"]
[Black "Van Hoof, Jan"]
[Result "1-0"]
[WhiteElo "2152"]
[BlackElo "1848"]
[PlyCount "141"]
[EventDate "2024.08.03"]
[EventType "swiss"]
[EventRounds "9"]
[EventCountry "NED"]
[SourceTitle "CBM 221 Extra"]
[Source "ChessBase"]
[SourceDate "2024.09.30"]
[SourceVersion "1"]
[SourceVersionDate "2024.09.30"]
[SourceQuality "1"]

1. d4 e5 2. dxe5 d6 3. exd6 Bxd6 4. Nf3 Nc6 5. g3 Qe7 6. Nd4 Qe4 7. Nf3 Nb4 8. Na3 Bf5 9. Qd4 Nf6 10. Qxe4+ Bxe4 11. c3 Nd3+ 12. exd3 Bxf3 13. Rg1 Bxa3 14. bxa3 0-0-0 15. Be2 Rhe8 16. Be3 Bxe2 17. Kxe2 Re6 18. Kd2 Ra6 19. Bd4 Rdd6 20. Kc2 Rac6 21. Kb2 Rd5 22. Rge1 Rb5+ 23. Kc2 Rd5 24. Kd2 Kd7 25. Rab1 b6 26. Re5 Rxe5 27. Bxe5 Ne8 28. Rb4 f6 29. Bf4 Nd6 30. h4 g6 31. g4 Ke6 32. a4 a5 33. Rd4 Rc5 34. Bxd6 cxd6 35. Re4+ Kf7 36. Re1 h5 37. f3 hxg4 38. fxg4 f5 39. Rg1 fxg4 40. Rxg4 Kf6 41. c4 Rf5 42. Ke3 Rc5 43. Rd4 Ke6 44. Re4+ Kf7 45. Rd4 Ke6 46. Kf3 Ke7 47. Kg4 Ke6 48. Rd5 Rc8 49. Rb5 Rb8 50. Kg5 Kf7 51. Rd5 Rd8 52. Rd4 Kg7 53. Re4 Kf7 54. Rf4+ Ke6 55. d4 Rc8 56. d5+ Ke5 57. Rg4 Rh8 58. a3 Rf8 59. Kh6 Rh8+ 60. Kg7 Rc8 61. Rg5+ Kf4 62. Rxg6 Rxc4 63. h5 Kf5 64. Rxd6 Rc7+ 65. Kh6 Rc8 66. Kg7 Ke5 67. Rxb6 Kxd5 68. h6 Rc7+ 69. Kg6 Rc8 70. h7 Ra8 71. Rb7 1-0

[Event "Hilversum op"]
[Site "Hilversum"]
[Date "2024.06.21"]
[Round "2"]
[White "Van Osch, Mees"]
[Black "Van Rootselaar, Rik"]
[Result "0-1"]
[WhiteElo "2377"]
[BlackElo "2111"]
[PlyCount "124"]
[EventDate "2024.06.21"]
[EventType "swiss"]
[EventRounds "6"]
[EventCountry "NED"]
[SourceTitle "CBM 220 Extra"]
[Source "ChessBase"]
[SourceDate "2024.07.31"]
[SourceVersion "1"]
[SourceVersionDate "2024.07.31"]
[SourceQuality "1"]

1. e4 c5 2. Nf3 Nc6 3. Nc3 d6 4. d4 cxd4 5. Nxd4 Nf6 6. Bg5 e6 7. Qd3 Be7 8. 0-0-0 0-0 9. f4 Qb6 10. Nxc6 bxc6 11. e5 dxe5 12. fxe5 Rd8 13. Qh3 Rxd1+ 14. Nxd1 Nd5 15. Bxe7 Nxe7 16. Bd3 Ng6 17. Bxg6 hxg6 18. Qg3 Ba6 19. h4 Rd8 20. Nc3 Qd4 21. Rd1 Qb6 22. Rxd8+ Qxd8 23. Qf2 Bc4 24. b3 Qa5 25. Qd4 Bf1 26. g3 c5 27. Qd2 Qb4 28. Kb2 Bh3 29. a3 Qg4 30. Qg5 Qd4 31. Qf4 Qd7 32. Qe3 Qc7 33. Qe4 g5 34. hxg5 Bf5 35. Qe3 Qc6 36. Na4 Qg2 37. Qc3 c4 38. b4 Kh7 39. Nc5 Kg6 40. a4 Qd5 41. a5 Kxg5 42. Qe3+ Kg6 43. Kc3 Qd1 44. Kxc4 a6 45. Na4 Bxc2 46. Nc3 Qd7 47. Qd4 Bb3+ 48. Kd3 Qc7 49. Ke3 f6 50. Qc5 Qb7 51. Ne2 fxe5 52. Qxe5 Qxb4 53. Nf4+ Kf7 54. Qc7+ Qe7 55. Qb6 Bc4 56. Qd4 Qa3+ 57. Kf2 Qa2+ 58. Kf3 Bb5 59. Qa7+ Kf6 60. Kg4 Qc4 61. Kh5 Qe4 62. Qc7 Be2+ 0-1